Normal view
MARC view
Entry Personal Name
001 - CONTROL NUMBER
- control field: 21751
003 - CONTROL NUMBER IDENTIFIER
- control field: ARRUPE
005 - DATE AND TIME OF LATEST TRANSACTION
- control field: 20160126085034.0
008 - FIXED-LENGTH DATA ELEMENTS
- fixed length control field: 160126|| aca||aabn | a|a d
040 ## - CATALOGING SOURCE
- Original cataloging agency: ARRUPE
- Transcribing agency: ARRUPE
100 ## - HEADING--PERSONAL NAME
- Personal name: Hobson, J. A.
- Fuller form of name: (John Atkinson),
- Dates associated with a name: 1858-1940.
670 ## - SOURCE DATA FOUND
- Source citation: Work cat.: (ARRUPE)0: Hobson, J. A. (John Atkinson), 1858-1940., The science of wealth,, [c1911]